| 000 | 00375nam a2200145Ia 4500 | ||
|---|---|---|---|
| 008 | 230917s9999||||xx |||||||||||||| ||und|| | ||
| 040 |
_e109729 _aMAIN |
||
| 041 | _aEnglish | ||
| 082 | _a820.9 R661R | ||
| 100 | _aZachary, Leader, ed. | ||
| 245 | 0 | _aRomantic period writings 1798-1832: An anthology | |
| 260 |
_aLondon _bRoutledge _c1998 |
||
| 300 | _a254 p. | ||
| 942 | _cBK | ||
| 999 |
_c121305 _d121305 |
||